Apel·les Fenosa : l'espiritualitat de la matèria l'espiritualitat de la matèria
Publicado:
Barcelona :
Diputació de Barcelona, Fundació Apel·les Fenosa ; Caldes d'Estrac : Fundació Palau - Centre d'Art ,
2010
Descripción Física:
36 p. : il. ; 24 cm
Otros Autores:
Fenosa, Apel·les
MARC
| LEADER | 00000nam a2200000Ia 4500 | ||
|---|---|---|---|
| 001 | 22691 | ||
| 003 | BGR | ||
| 005 | 20260324175758.0 | ||
| 008 | 160829s2010 xx 000 0 cat d | ||
| 080 | |a FU-56-51 | ||
| 245 | |a Apel·les Fenosa : |b l'espiritualitat de la matèria | ||
| 260 | |a Barcelona : |b Diputació de Barcelona, Fundació Apel·les Fenosa ; Caldes d'Estrac : |b Fundació Palau - Centre d'Art, |c 2010 | ||
| 300 | |a 36 p. : |b il. ; |c 24 cm | ||
| 650 | |a Fenosa, Apel·les |x Exposicions |9 40970 | ||
| 650 | |a Escultura |x Catalunya |x Exposicions |9 40971 | ||
| 700 | |a Fenosa, Apel·les |9 40974 | ||
| 710 | 2 | |a Fundació Palau (Caldes d'Estrac, Catalunya) |9 53857 | |
| 710 | 2 | |a Fundació Apel·les Fenosa |9 70978 | |
| 710 | 1 | |a Barcelona (Catalunya : Província). |b Diputació |9 52408 | |
| 901 | |a Arxiu | ||
| 942 | |n 1 |2 udc |c MON | ||
| 952 | |0 0 |1 0 |4 0 |6 FU5651 |7 1 |9 49973 |a Arxiu |b Arxiu |d 2016-12-01 |l 0 |o FU-56-51 |p 22691 |r 2016-12-01 00:00:00 |w 2016-12-01 |y ARXIU | ||
| 999 | |c 53815 |d 53815 | ||